Gaming Quiz

Random Gaming Quiz

Rosalina Quiz Stats

Quiz not verified by Sporcle

Challenge
Share
Tweet
Embed
Score 0/15 Timer 05:00
0 Plays Today
Hint Answer % Correct
Did she appear in mario kart 8?Yes
96.9%
Star things that she calls FamilyLumas
90.6%
Rosalina visits her home planet every ??? years100
81.3%
Luma's favorite snack that tastes like honey (According to her)Star bits
75%
'World tour' sport she is playable inGolf
71.9%
Number of stars you need to see her in a secret ending in Super Mario Galaxy 2120
59.4%
Number of games she has appeared in (As of The beginning of May 2015)13
59.4%
Rosalina's shipComet Observatory
56.3%
Hint Answer % Correct
Number of stars needed to unlock her on starship Mario242
43.8%
First mario party she appeared inIsland tour
40.6%
Black Luma who is seen with her in Super Mario GalaxyPolari
37.5%
Name of super mario 3d world course you have to complete to unlock her?Super Galaxy
25%
Number of mario partys she has appeared in2
18.8%
She appears in hard stars in super mario galaxy 2 to do what?Help you
18.8%
Game she almost appeared inMario tennis open
15.6%

You're not logged in!

Compare scores with friends on all Sporcle quizzes.
Join for Free
OR
Log In

You Might Also Like...

Show Comments

Extras

Top Quizzes Today


Score Distribution

Your Account Isn't Verified!

In order to create a playlist on Sporcle, you need to verify the email address you used during registration. Go to your Sporcle Settings to finish the process.

Report this User

Report this user for behavior that violates our Community Guidelines.

Details: